000
00350nam a2200169Ia 4500
100
_a
Valesky/Tom
650
_a
Java
942
_c
BK
366
_f
15
654
_a
javabeans
245
_a
Enterprise Javabeans
260
_b
Pearson Education
_a
Mumbai
_c
1999
082
_a
005.133J/VAL
_b
VAL
300
_a
324
546
_a
ENGLISH
999
_c
20420
_d
20420